Southville International School and Colleges
Your cart is empty.
  • Cart
  • Lists
    Public lists Eva Luna New books Lux_list list_1
    Your lists Log in to create your own lists
  • Log in to your account
  • Your cookies
  • Search history
Southville International School and Colleges
  • Advanced search
  • Recent comments
  • Most popular
  • Libraries

Log in to your account

Log in with GOOGLE


If you do not have an external account, but do have a local account, you can still log in:

  1. Home
  2. MARC view: Introduction to literature /
Normal view MARC view ISBD view

Introduction to literature / (Record no. 282504)

[ view plain ]
MARC details
000 -LEADER
fixed length control field 00573nam a22001930 4500
001 - CONTROL NUMBER
control field ocn971707013x
005 - DATE AND TIME OF LATEST TRANSACTION
control field 20150202100106.0
008 - FIXED-LENGTH DATA ELEMENTS--GENERAL INFORMATION
fixed length control field 991028s1996 eng
020 ## - INTERNATIONAL STANDARD BOOK NUMBER
International Standard Book Number 971707013X
Terms of availability Php300.00
050 ## - LIBRARY OF CONGRESS CALL NUMBER
Classification number PN 59
Item number .T36 1998
100 1# - MAIN ENTRY--PERSONAL NAME
Personal name Tan, Arsenia B.
245 10 - TITLE STATEMENT
Title Introduction to literature /
Statement of responsibility, etc Arsenia B. Tan.
250 ## - EDITION STATEMENT
Edition statement 3rd ed.
260 ## - PUBLICATION, DISTRIBUTION, ETC. (IMPRINT)
Place of publication, distribution, etc Mandaluyong City :
Name of publisher, distributor, etc Academic Pub.,
Date of publication, distribution, etc c1998.
300 ## - PHYSICAL DESCRIPTION
Extent viii, 247 pages :
Dimensions 26 cm.
650 ## - SUBJECT ADDED ENTRY--TOPICAL TERM
Topical term or geographic name as entry element Literature
General subdivision Collections.
650 ## - SUBJECT ADDED ENTRY--TOPICAL TERM
Topical term or geographic name as entry element Literature
General subdivision Study and teaching.
942 ## - ADDED ENTRY ELEMENTS (KOHA)
Source of classification or shelving scheme Library of Congress Classification
Koha item type Books
Call number prefix Filipininana
Holdings
Withdrawn status Lost status Source of classification or shelving scheme Damaged status Home library Current library Shelving location Date acquired Source of acquisition Sub Shelving location Total Checkouts Total Renewals Full call number Barcode Date last seen Date checked out Price effective from Koha item type
    Library of Congress Classification   College Library College Library Filipiniana Section 02/02/2015 Library Fund   1 4 PN 59 .T36 1998 C0446 05/08/2018 01/24/2017 02/02/2015 Books

Introduction to literature /

APA

Tan A. B., . (1998). Introduction to literature. Mandaluyong City: Academic Pub.

Chicago

Tan Arsenia B, . 1998. Introduction to literature. Mandaluyong City: Academic Pub.

Harvard

Tan A. B., . (1998). Introduction to literature. Mandaluyong City: Academic Pub.

MLA

Tan Arsenia B, . Introduction to literature. Mandaluyong City: Academic Pub. 1998.

  • Place hold
  • Print
  • Cite
  • Add to your cart (remove)
  • Save record
    BIBTEX Dublin Core MARCXML MARC (non-Unicode/MARC-8) MARC (Unicode/UTF-8) MARC (Unicode/UTF-8, Standard) MODS (XML) RIS
  • More searches
    Search for this title in:
    Other Libraries (WorldCat) Other Databases (Google Scholar) Online Stores (Bookfinder.com) Open Library (openlibrary.org)

Exporting to Dublin Core...

SOUTHVILLE LIBRARY

Southville International School and Colleges Library

1281 Tropical Ave. Cor. Luxembourg St., BF Homes International, Las Pinas City

Tel. No. 8256374 / 252358 Loc. 117/146

Powered by Koha